000 00588nam a22002057a 4500
005 20170124110106.0
010 _aA-818611
020 _c00.00
035 _aA-818611
037 _bCen Lib/Ret
040 _aDPL
_bEN
082 _a921
_bNIR
100 _aNirodbaran
_927144
245 _aAn extraordinary girl :
_cby Nirodbaran
_bsome episodes in her life /
260 _aPondicherry
_bSri Mera Trust
_c1995
300 _a184p.
_c21cm(Hb)
650 _aGhose, Aurobindo, 1872-1950
_922217
650 _aFriendship--Philosophy
_928121
942 _2ddc
_cEN
_h921
_mNIR
999 _c130040
_d130040